00697 2200241 4500001002100000005001500021035002000036007000300056008004100059020001800100082001100118084001700129100001300146245009900159260004100258300003400299500001100333650003900344700001900383504003100402990001100433990001100444INLIS00000000000370420190711012026 a0010-0719000122ta190711 g 0 ind  a979-9492-69-6 a302.23 a302.23 ERI a0 aERIYANTO1 aAnalisis Framing :bKonstruksi, Ideologi, dan Politik Media /cEriyanto; editor, Nurul Huda SA aYogyakarta :bLKiS Yogyakarta,c2015 axxv, 352 hlm :bilus ;c21 cm aIndeks 4aINTERAKSI SOSIAL. MEDIA KOMUNIKASI0 aNURUL, Huda SA aBibliografi.: hlm. 337-348 a6886 a a6886 b